Contract time is of the essence (Record no. 76641)

MARC details
000 -LEADER
fixed length control field 01033cab a2200193 4500
001 - CONTROL NUMBER
control field ##L132807
008 - FIXED-LENGTH DATA ELEMENTS--GENERAL INFORMATION
fixed length control field 060309n2006 000 0 eng u
035 ## - SYSTEM CONTROL NUMBER
System control number (Sirsi) u132807
041 0# - LANGUAGE CODE
Language code of text/sound track or separate title eng
100 1# - MAIN ENTRY--PERSONAL NAME
Personal name Dodsworth, Catriona
245 00 - TITLE STATEMENT
Title Contract time is of the essence
260 ## - PUBLICATION, DISTRIBUTION, ETC.
Date of publication, distribution, etc. 2006
490 #0 - SERIES STATEMENT
Series statement Construction News
Volume/sequential designation (6957) 9 March 2006, 36(1)
520 ## - SUMMARY, ETC.
Summary, etc. Advises on the complex subject of calculation of time periods. Contracts and statutes may contain express provisions as to how time should be calculated, whilst general rules have also evolved on the reckoning of time. The time provisions of the Civil Procedure Rules (CPR) apply to any period of time specified by the CPR itself or by a practice direction, judgment or court order. Careful attention always needs to be paid to the language used, the context and any case law applicable.
590 ## - LOCAL NOTE (RLIN)
Local note IKA140306
650 24 - SUBJECT ADDED ENTRY--TOPICAL TERM
Topical term or geographic name entry element CIVIL PROCEDURE RULES PART 2
690 ## - LOCAL SUBJECT ADDED ENTRY--TOPICAL TERM (OCLC, RLIN)
Topical term or geographic name as entry element BUILT ENVIRONMENT-CONSTRUCTION MANAGEMENT-BUILDING CONTRACT ADMINISTRATION
942 ## - ADDED ENTRY ELEMENTS (KOHA)
Suppress in OPAC 0
Holdings
Withdrawn status Lost status Source of classification or shelving scheme Damaged status Not for loan Home library Current library Shelving location Date acquired Total Checkouts Full call number Barcode Date last seen Copy number Price effective from Koha item type
    Dewey Decimal Classification     London London Journal article 10/03/2006   L132807 132807-1001 06/08/2019 1 06/08/2019 Journal article